| 000 | 00756nam a2200229 i 4500 | ||
|---|---|---|---|
| 001 | bg | ||
| 100 | 1 | _aJOHNSTON, Bill | |
| 245 | 1 | 0 |
_aJęzyk angielski i amerykański : _bkurs dla początkujących i średnio zaawansowanych / _cBill Johnston, Katarzyna Rydel-Johnston. |
| 260 |
_aKraków : _bWydawnictwo Literackie, _c2001. |
||
| 300 |
_a376, [1] s. : _brys. ; _c24 cm + _ekaseta dźw. |
||
| 650 | 9 | _aJęzyk angielski | |
| 655 | _aPodręczniki | ||
| 700 | 1 | _aRYDEL-JOHNSTON, Katarzyna | |
| 020 | _a8308031404 | ||
| 040 | _cBPK | ||
| 041 | 0 | _aenpl | |
| 080 | _a811.111(07) | ||
| 920 | _a83-08-03140-4 | ||
| 942 | _cKS | ||
| 008 | s pl f |000 0 pol | ||
| 999 |
_c41635 _d41635 |
||
| 856 |
_uhttp://koha.tu.koszalin.pl/cgi-bin/koha/opac-detail.pl?biblionumber=41635 _yKatalog online BPK |
||